| 000 | 00740nam a22002417a 4500 | ||
|---|---|---|---|
| 005 | 20170124110050.0 | ||
| 010 | _aA-408324 | ||
| 020 | _c15.00 | ||
| 035 | _aA-408324 | ||
| 037 | _bCen Lib/Ret | ||
| 040 |
_aDPL _bEN |
||
| 082 |
_a636.5 _bHAR |
||
| 100 |
_aHarbans Singh _912056 |
||
| 245 |
_aLivestock and poultry production / _cby Harbans Singh [and] Earl N. Moore |
||
| 260 |
_aNew Delhi _bPrentice-Hall of India _c1972 |
||
| 270 |
_bNew Delhi _aM-97, Cannaught Circus _e110001 |
||
| 300 |
_aviii,622p. : _c22cm(Hb) _bcol.ill. |
||
| 500 | _aIncludes index | ||
| 650 |
_aLivestock production _925230 |
||
| 650 |
_aPoultry production _925231 |
||
| 700 |
_aMoore, Earl N. _925232 |
||
| 942 |
_2ddc _cEN _h636.5 _mHAR |
||
| 999 |
_c129053 _d129053 |
||